Score 0/13 Timer 06:00
4 Plays Today
% Correct
rabbit
99.9%
mouse
96.2%
monkey
93.1%
whale
92.5%
cat
92%
elephant
91.8%
giraffe
91.6%
dog
90.9%
owl
90.3%
frog
90.2%
fox
89.3%
walrus
85.8%
toucan
80.8%
Remove Ads.
Support Sporcle.
Get the best of Sporcle when you Go Orange. This ad-free experience offers more features, more stats, and more fun while also helping to support Sporcle. Thank you for becoming a member.

You're not logged in!

Compare scores with friends on all Sporcle quizzes.
OR
Log In

Show Comments

Extras

Top Quizzes Today


Score Distribution

Your Account Isn't Verified!

In order to create a playlist on Sporcle, you need to verify the email address you used during registration. Go to your Sporcle Settings to finish the process.

Report this User

Report this user for behavior that violates our Community Guidelines.

Details: